FinTechs - Rechtliche Grundlagen moderner Finanztechnologien

Saved in:
Bibliographic Details
Other Authors: Krimphove, Dieter
Format: Book
Language:German
Published: Stuttgart Schäffer-Poeschel 2019
Edition:1. Auflage
Subjects:
Tags: Add Tag
No Tags, Be the first to tag this record!

MARC

LEADER 00000nam a2200000 4500
001 0264337
005 20230105093023.9
020 |a 978-3-7910-4595-5 
020 |a 978-3-7910-4596-2 
020 |a 978-3-7910-4597-9 
041 0 |a ger 
044 |a DE 
245 1 0 |a FinTechs - Rechtliche Grundlagen moderner Finanztechnologien  |c Dieter Krimphove (Hrsg.) 
250 |a 1. Auflage 
264 1 |a Stuttgart  |b Schäffer-Poeschel  |c 2019 
300 |a 475 s. 
610 2 0 |a služby finančné 
610 2 0 |a produkty 
610 2 0 |a technológie nové 
610 2 0 |a automatizácia 
610 2 0 |a právo európske 
610 2 0 |a právo súkromné 
610 2 0 |a právo medzinárodné 
610 2 0 |a právo ústavné 
610 2 0 |a právo trestné 
610 2 0 |a odvetvia priemyselné 
610 2 0 |a obchod 
610 2 0 |a dokumentácia 
700 1 |a Krimphove, Dieter